Monokrystaly

Bibliographic Details
Main Author: Kašpar, Jan (Author)
Format: Book
Language:Undetermined
PhysicalDescription:213 s.
Published: Praha Státní nakladatelství technické literatury 1957

MARC

LEADER 00000nam a2200000 a 4500
001 vtls001328271
003 SK-MaSNL
005 20260301065812.0
008 240313s1957 xx 0 und
035 |a SNK000281090 
040 |a SNK  |b slo  |c SNK  |e AACR2 
100 1 |a Kašpar, Jan  |4 aut  |9 380942 
245 1 |a Monokrystaly 
260 |a Praha  |b Státní nakladatelství technické literatury  |c 1957 
300 |a 213 s. 
999 |c 632039  |d 633969 
952 |t P60, <04>, [BOOK], {604}  |a SNK  |b SNK  |y VYP  |7 0  |p 17A0135679  |o snkIC 18344  |0 0  |1 0  |4 0  |d 1998-04-17  |l 0  |r 2005-01-02 00:00:00  |w 2026-02-23